Île-de-France: villes de plus de 100 000 habitants - Statistiques

Statistiques générales
  • Ce quiz a été pris 109 fois
  • Le résultat moyen est 4 sur 5
Statistiques - réponses
Population Nom de la commune % Correct
2 113 000 Paris
100%
148 000 Saint-Denis
87%
110 000 Montreuil
63%
120 000 Boulogne-Billancourt
59%
107 000 Argenteuil
56%
Aucun quiz correspondant
Distribution des résultats
% des personnes avec chaque résultat
Percentile par nombre de réponses
Votre historique - résultats
Vous n’avez pas pris ce quiz